MARC details
| 000 -CABECERA |
| campo de control de longitud fija |
01354nam a2200313 a 4500 |
| 001 - NÚMERO DE CONTROL |
| campo de control |
000009338 |
| 005 - FECHA Y HORA DE LA ÚLTIMA TRANSACCIÓN |
| campo de control |
20200929161547.0 |
| 008 - DATOS DE LONGITUD FIJA--INFORMACIÓN GENERAL |
| campo de control de longitud fija |
090929s2000 dr d 000 0 spa d |
| 020 ## - NÚMERO INTERNACIONAL ESTÁNDAR DEL LIBRO |
| Número Internacional Estándar del Libro |
9993480029 |
| 040 ## - FUENTE DE LA CATALOGACIÓN |
| Centro catalogador/agencia de origen |
DO-SdBNP |
| Lengua de catalogación |
spa |
| Centro/agencia transcriptor |
BNPHU |
| 082 ## - NÚMERO DE LA CLASIFICACIÓN DECIMAL DEWEY |
| Número de clasificación |
577.55 |
| Número de documento/Ítem |
R436a |
| 100 1# - ENTRADA PRINCIPAL--NOMBRE DE PERSONA |
| Nombre de persona |
Restrepo M., José |
| 9 (RLIN) |
24090 |
| 245 10 - MENCIÓN DE TÍTULO |
| Título |
Agroecología / |
| Mención de responsabilidad, etc. |
José Restrepo M., Diego Ivan Angel S., Martín Prager M. |
| 260 ## - PUBLICACIÓN, DISTRIBUCIÓN, ETC. |
| Lugar de publicación, distribución, etc. |
Santo Domingo : |
| Nombre del editor, distribuidor, etc. |
Fundación Kellogg ; |
| -- |
CEDAF, |
| Fecha de publicación, distribución, etc. |
2000. |
| 300 ## - DESCRIPCIÓN FÍSICA |
| Extensión |
124 p. : |
| Otras características físicas |
diagr. ; |
| Dimensiones |
28 cm. |
| 490 1# - MENCIÓN DE SERIE |
| Mención de serie |
Proyecto Ágora |
| 500 ## - NOTA GENERAL |
| Nota general |
Incluye datos biográficos de los autores |
| 504 ## - NOTA DE BIBLIOGRAFÍA, ETC. |
| Nota de bibliografía, etc. |
Incluye bibliografías |
| 650 #4 - PUNTO DE ACCESO ADICIONAL DE MATERIA--TÉRMINO DE MATERIA |
| Término de materia o nombre geográfico como elemento de entrada |
Ecología agrícola |
| Subdivisión geográfica |
República Dominicana |
| Subdivisión general |
Problemas, ejercícios, etc. |
| 9 (RLIN) |
24091 |
| 650 #4 - PUNTO DE ACCESO ADICIONAL DE MATERIA--TÉRMINO DE MATERIA |
| Término de materia o nombre geográfico como elemento de entrada |
Agrosistemas |
| Subdivisión geográfica |
República Dominicana |
| Subdivisión general |
Problemas, ejercícios, etc. |
| 9 (RLIN) |
24092 |
| 650 #4 - PUNTO DE ACCESO ADICIONAL DE MATERIA--TÉRMINO DE MATERIA |
| Término de materia o nombre geográfico como elemento de entrada |
Agricultura |
| Subdivisión general |
Aspectos económicos |
| Subdivisión geográfica |
República Dominicana |
| 9 (RLIN) |
1508 |
| 650 #4 - PUNTO DE ACCESO ADICIONAL DE MATERIA--TÉRMINO DE MATERIA |
| Término de materia o nombre geográfico como elemento de entrada |
Agricultura sostenible |
| Subdivisión geográfica |
República Dominicana |
| Subdivisión general |
Problemas, ejercícios, etc. |
| 9 (RLIN) |
24093 |
| 650 #4 - PUNTO DE ACCESO ADICIONAL DE MATERIA--TÉRMINO DE MATERIA |
| Término de materia o nombre geográfico como elemento de entrada |
Política agrícola |
| Subdivisión geográfica |
República Dominicana |
| Subdivisión general |
Problemas, ejercícios, etc. |
| 9 (RLIN) |
24094 |
| 700 12 - PUNTO DE ACCESO ADICIONAL--NOMBRE DE PERSONA |
| Nombre de persona |
Angel S., Diego Ivan |
| 9 (RLIN) |
24095 |
| 700 12 - PUNTO DE ACCESO ADICIONAL--NOMBRE DE PERSONA |
| Nombre de persona |
Prager M., Martín |
| 9 (RLIN) |
24096 |
| 710 22 - PUNTO DE ACCESO ADICIONAL--NOMBRE DE ENTIDAD CORPORATIVA |
| Nombre de entidad corporativa o nombre de jurisdicción como elemento de entrada |
Centro para el Desarrollo Agropecuário y Forestal (República Dominicana) |
| 9 (RLIN) |
130 |
| 830 #0 - PUNTO DE ACCESO ADICIONAL DE SERIE-TÍTULO UNIFORME |
| Título uniforme |
Proyecto Ágora |
| 9 (RLIN) |
16843 |
| 910 ## - DATOS DE OPCIÓN DEL USUARIO (OCLC) |
| Datos de opción del usuario |
Validado. Control de calidad MFF |